000 00338 a2200145 4500
001 153815
040 _cEscola São Tomás de Aquino
100 _aSAVAGET, Luciana
240 1 0 _aMeia volta, vamos ver
_lpor
245 1 0 _aMeia volta, vamos ver
362 0 _a1998
440 1 _aEdiouro
697 _a*LITERATURA INFANTIL
942 _cBK
999 _c153815
_d153815